000 00589nam a2200229 a 4500
001 BRL_686
005 20190320210843.0
008 250913s1970----u--#######---#000-0#eng-#
041 _aeng
044 _au
050 4 _aBF639
_b.A45 1970
100 1 _aAllen, James
_d1864-1912
_924649
245 1 0 _aAs a Man Thinketh
_cJames Allen.
260 _aNew Jersey
_bFleming H. Revell
_c[ca.1970]
300 _a64 p.
_c17 cm.
440 0 _aInspirational classics
_924650
500 _aAu768
650 1 4 _aPsicologĂ­a
_924651
650 1 4 _aPensamiento
_924652
902 _aGRL
942 _2lcc
_cB
999 _c9498
_d9498